000 00377nam a2200157Ia 4500
008 230917s9999||||xx |||||||||||||| ||und||
040 _e127989
_aMAIN
041 _aEnglish
082 _a005.74 D262I(8)
100 _aDate, C J
245 0 _aIntroduction to database Systems
250 _a8th ed.
260 _aNew Delhi
_bPearson
_c2007
300 _a931 p.
942 _cBK
999 _c141001
_d141001